00435nam a22001457a 450000500170000000800410001702000150005804100130007308200140008610000250010024500520012526000560017730000300023365000260026320231115094845.0231115b |||||||| |||| 00| 0 eng d a0409037540 aEnglish  a344.4 KRU aKruger, A lEnglish  aMental Health Law in South Africa / cA Kruger  aDurban : bButterworth Publishers (Pty) Ltd, c1980 bxi, 264 pages ; c23 cm.  aLegal practice bLaw